| 000 | 00360pab a2200145 454500 | ||
|---|---|---|---|
| 008 | 180718b1997 xxu||||| |||| 00| 0 eng d | ||
| 100 | _aRobinson, Warren C. | ||
| 245 | _aThe economic theory of fertility over three decades | ||
| 260 | _c1997 | ||
| 300 | _ap.63-74 | ||
| 362 | _aMar | ||
| 650 | _aPopulation | ||
| 773 | _aPopulation Studies | ||
| 909 | _a33819 | ||
| 999 |
_c33819 _d33819 |
||